Statistics for Island Countries that Start with a D, E or F

Click here to take the quiz!

General Stats

  • This quiz has been taken 59 times
  • The average score is 4 of 5

Answer Stats

Country % Correct
Fiji
94%
Dominica
92%
Dominican Republic
92%
East Timor
75%
Federated States of Micronesia
31%

Score Distribution

Percentile by Number Answered

Percent of People with Each Score

Your Score History

You have not taken this quiz